International relations between the two World Wars, 1919-1939 (Record no. 2234)

MARC details
000 -LEADER
fixed length control field 00554cam a2200205ua 4500
001 - CONTROL NUMBER
control field 2379
005 - DATE AND TIME OF LATEST TRANSACTION
control field 20260515113459.0
008 - FIXED-LENGTH DATA ELEMENTS--GENERAL INFORMATION
fixed length control field 110808n ii |||gr||||Z||||||eng
020 ## - INTERNATIONAL STANDARD BOOK NUMBER
International Standard Book Number 0-333-08318-0
040 ## - CATALOGING SOURCE
Transcribing agency MAIN
082 ## - DEWEY DECIMAL CLASSIFICATION NUMBER
Classification number 327.09041093
100 1# - MAIN ENTRY--PERSONAL NAME
Personal name Carr, C H.,
245 ## - TITLE STATEMENT
Title International relations between the two World Wars, 1919-1939
Statement of responsibility, etc. By C H Carr.
250 ## - EDITION STATEMENT
Edition statement 1st.
260 ## - PUBLICATION, DISTRIBUTION, ETC.
Place of publication, distribution, etc. London:
Name of publisher, distributor, etc. Mcmillan.
300 ## - PHYSICAL DESCRIPTION
Extent 303 p.:
Dimensions 23 p.
653 ## - INDEX TERM--UNCONTROLLED
Uncontrolled term Political science
653 ## - INDEX TERM--UNCONTROLLED
Uncontrolled term International relations between two world wars.
942 ## - ADDED ENTRY ELEMENTS (KOHA)
Koha item type Books
Holdings
Withdrawn status Lost status Damaged status Not for loan Home library Current library Shelving location Date acquired Total checkouts Full call number Barcode Date last seen Copy number Price effective from Koha item type
        Naharkatiya College Library Naharkatiya College Library General stacks 09/19/2020   327.09041093 | CAR 704 09/19/2020 1 09/19/2020 Books